Statistics for Betty White

Click here to take the quiz!

General Stats

  • This quiz has been taken 36 times
  • The average score is 5 of 9

Answer Stats

HintAnswer% Correct
How old was she when she died?99
100%
What year was she born in?1922
93%
What month was she born in?January
87%
What state did she die in?California
83%
What game show was her third and final husband the host of?Password
53%
What state was she born in?Illinois
47%
What was her character's name on the Golden Girls?Rose Nylund
47%
What did she die of?Natural Causes
23%
What was the first film she ever acted in?Time to Kill
7%

Score Distribution

Percentile by Number Answered

Percent of People with Each Score

Your Score History

You have not taken this quiz